| 000 | 00000nam 2200000za 4500 |
| 001 | 9.846010 |
| 003 | CaOODSP |
| 005 | 20250403110005 |
| 007 | cr ||||||||||| |
| 008 | 171024s1967 oncabdo ofs f|01 0|fre d |
| 040 | |aCaOODSP|bfre |
| 043 | |an-cn |
| 086 | 1 |aCS11-203/1967F-PDF|zCS11-203/1967F |
| 245 | 00|aCanada, un siècle, 1867-1967 |h[ressource électronique] / |crédigée à la Division de l'Annuaire du canada, de Canada et de la bibliothèque, Bureau fédéral de la statistique. |
| 260 | |aOttawa : |blmprimeur de Ia Reine, |cc1967. |
| 300 | |aviii, 503 p. : |bphotographies (certaines en coul.), cartes en coul., ill., graphiques |
| 500 | |aPubl. aussi en anglais sous le titre : Canada one hundred, 1867-1967. |
| 500 | |aÉdition numérisée de l’imprimée, 2014 [par Statistique Canada]. |
| 504 | |aComprend des références bibliographiques. |
| 520 | |a« Le present ouvrage, intitulé Canada, un siècle 1867-1967, est la contribution spéciale du Bureau Fédéral de Ia statistique au programme de publications lancé par Ie gouvernement du Canada à l'occasion du Centenaire de Ia Confédération »--Avant-propos. |
| 692 | 07|2gccst|aHistoire du Canada |
| 692 | 07|2gccst|aIdentité canadienne |
| 692 | 07|2gccst|aConditions économiques |
| 692 | 07|2gccst|aConditions sociales |
| 693 | 4|aCentenaire |
| 693 | 4|aConfédération |
| 693 | 4|aCanada |
| 710 | 2 |aStatistique Canada. |
| 775 | 08|tCanada one hundred, 1867-1967 |w(CaOODSP)9.845996 |
| 775 | 08|t[Canada, un siècle, 1867-1967] |w(CaOODSP)9.846017 |
| 856 | 40|qPDF|s36.60 Mo|uhttps://publications.gc.ca/collections/collection_2017/statcan/11-203/CS11-203-1967-fra.pdf |